Central Library OPAC University of Rajshahi

The Handbook of political behavior / (Record no. 36089)

MARC details
000 -LEADER
fixed length control field 00917nam a2200313 a 4500
001 - CONTROL NUMBER
control field 36089
003 - CONTROL NUMBER IDENTIFIER
rucl marc code BD-RjUL
005 - DATE AND TIME OF LATEST TRANSACTION
control field 20211209052431.0
008 - FIXED-LENGTH DATA ELEMENTS--GENERAL INFORMATION
fixed length control field 161122s1981 nyua b 000 0 eng d
020 ## - INTERNATIONAL STANDARD BOOK NUMBER
International Standard Book Number 0306406012(v.1)
International Standard Book Number 0306406020(v.2)
International Standard Book Number 0306406039(v.3)
International Standard Book Number 0306406047(v.4)
035 ## - SYSTEM CONTROL NUMBER
System control number (BD-RjUL)36186
040 ## - CATALOGING SOURCE
Original cataloging agency DLC
Transcribing agency DLC
Modifying agency BD-RjUL
Language of cataloging eng
041 ## - LANGUAGE CODE
Language code of text/sound track or separate title eng
082 00 - DEWEY DECIMAL CLASSIFICATION NUMBER
Classification number 306.26
Edition number 23
Author mark and year HAN 1981
245 04 - TITLE STATEMENT
Title The Handbook of political behavior /
Statement of responsibility, etc. edited by Samuel L. Long.
260 ## - PUBLICATION, DISTRIBUTION, ETC. (IMPRINT)
Place of publication, distribution, etc. New York :
Name of publisher, distributor, etc. Plenum Press,
Date of publication, distribution, etc. c1981.
300 ## - PHYSICAL DESCRIPTION
Pagination V. :
Illustrations ill. ;
Size 24 cm.
504 ## - BIBLIOGRAPHY, ETC. NOTE
Bibliography, etc Includes bibliographies and indexes.
505 ## - FORMATTED CONTENTS NOTE
Formatted contents note V.1 --v.2 --v.3 --v.4 --
650 #0 - SUBJECT ADDED ENTRY--TOPICAL TERM
Topical term or geographic name as entry element Political sociology.
9 (RLIN) 3579
Topical term or geographic name as entry element Political Parties
9 (RLIN) 170448
Topical term or geographic name as entry element Political psychology.
9 (RLIN) 109390
700 1# - ADDED ENTRY--PERSONAL NAME
Personal name Long, Samuel L.
942 ## - ADDED ENTRY ELEMENTS (KOHA)
Source of classification or shelving scheme Dewey Decimal Classification
Koha item type Books
Holdings
Lost status Source of classification or shelving scheme Damaged status Not for loan Collection code Permanent Location Current Location Shelving location Date acquired Source of acquisition Cost, normal purchase price Total Checkouts Full call number Date last seen Copy number Koha item type
  Dewey Decimal Classification   Not For Loan Non-fiction Central Library, University of Rajshahi Central Library, University of Rajshahi Reading Room 30/01/1986 Toppam & co. 56.70   306.26 HAN V-1 1981 16/06/2014 C-1 Books
  Dewey Decimal Classification   Not For Loan Non-fiction Central Library, University of Rajshahi Central Library, University of Rajshahi Reading Room 30/01/1986 Toppan Tulip 56.70   306.26 HAN V-3 1981 26/12/2016 C-1 Books
  Dewey Decimal Classification   Not For Loan Non-fiction Central Library, University of Rajshahi Central Library, University of Rajshahi Reading Room 30/01/1986 Toppan Tulip 56.70   306.26 HAN V-4 1981 26/12/2016 C-1 Books
  Dewey Decimal Classification   Not For Loan Non-fiction Central Library, University of Rajshahi Central Library, University of Rajshahi Reading Room 30/01/1986 Toppan Tulip 56.70   306.26 HAN V-2 1981 26/12/2016 C-1 Books